| 000 | 00441nam a22001457a 4500 | ||
|---|---|---|---|
| 082 |
_a625.84 _bSTR _cD |
||
| 100 |
_aAge or Esal _944238 |
||
| 245 | _astructural overlay strategies for jointed concrete pavements | ||
| 260 |
_aVirginia _bUS department of transportation _c1990 |
||
| 300 |
_a108p.: _c50cm. |
||
| 526 |
_a0 _b0 _c0 _d625_840000000000000_STR |
||
| 526 |
_a0 _b0 _c0 _d625_840000000000000_STR |
||
| 650 |
_aMCE _9379 |
||
| 942 |
_2ddc _cBK |
||
| 999 |
_c548073 _d548073 |
||